Ryanair International routes from Edinburgh Airport (EDI) - Statistics

General Stats
  • This quiz has been taken 6 times
  • The average score is 50 of 64
Answer Stats
International Route Country % Correct
Barcelona Spain
100%
Berlin Germany
100%
Bratislava Slovakia
100%
Brussels-Charleroi Belgium
100%
Bucharest-Otopeni Romania
100%
Budapest Hungary
100%
Copenhagen Denmark
100%
Cork Ireland
100%
Dublin Ireland
100%
Lisbon Portugal
100%
Madrid Spain
100%
Marseille France
100%
Palermo Italy
100%
Paris-Beauvais France
100%
Pisa Italy
100%
Porto Portugal
100%
Prague Czechia
100%
Riga Latvia
100%
Rome-Ciampino Italy
100%
Sofia Bulgaria
100%
Venice Italy
100%
Vienna Austria
100%
Warsaw-Modlin Poland
100%
Bari Italy
80%
Bologna Italy
80%
Corfu Greece
80%
Gdansk Poland
80%
Gothenburg Sweden
80%
Kaunas Lithuania
80%
Krakow Poland
80%
Marrakesh Morocco
80%
Nantes France
80%
Naples Italy
80%
Palma de Mallorca Spain
80%
Poznan Poland
80%
Rhodes Greece
80%
Seville Spain
80%
Tenerife-South Spain
80%
Tirana Albania
80%
Toulouse France
80%
Valencia Spain
80%
Valetta Malta
80%
Wroclaw Poland
80%
Alicante Spain
60%
Bergamo Italy
60%
Faro Portugal
60%
Fuerteventura Spain
60%
Funchal Portugal
60%
Gran Canaria Spain
60%
Ibiza Spain
60%
Knock Ireland
60%
Lanzarote Spain
60%
Milan-Malpensa Italy
60%
Rzeszow Poland
60%
Santander Spain
60%
Shannon Ireland
60%
Zadar Croatia
60%
Agadir Morocco
40%
Bergerac France
40%
Dusseldorf-Weeze Germany
40%
Malaga Spain
40%
Beziers France
20%
Biarritz France
20%
Poitiers France
20%
No matching quizzes found
Score Distribution
Percent of People with Each Score
Percentile by Number Answered
Your Score History
You have not taken this quiz